Monitoring geotechnických vlastností geomateriálov odkalísk : [habilitačná práce zo študijného odboru Inžinierske konštrukcie a dopravné stavby] /
Uložené v:
| Hlavný autor: | |
|---|---|
| Médium: | Kniha |
| Jazyk: | Slovak |
| Vydané: |
V Bratislave :
Slovenská technická univerzita,
2014.
|
| Vydanie: | 1. vyd. |
| Edícia: | Edícia vedeckých prác
zošit č. 134 |
| Témy: | |
| ISBN: |
9788022741552 (brož.) |
| Fyzický popis: |
159 s. : fotogr., grafy, il., mp., tab. ; 29 cm. |
| Tagy: |
Pridať tag
Žiadne tagy, Buďte prvý kto otaguje tento záznam!
|
Titul je dostupný aj v ... 

MARC
| LEADER | 00000nam a2200000 a 4500 | ||
|---|---|---|---|
| 001 | 000487539 | ||
| 005 | 20151130082925.0 | ||
| 008 | 150724s2014 xo adloe 000 0 slo d | ||
| 020 | |a 9788022741552 (brož.) | ||
| 040 | |a SVKKK |b slo |c SVKKK |e AACR2 | ||
| 041 | 0 | |a slo |b eng | |
| 044 | |a xo |c SK | ||
| 072 | 7 | |a 624 |x Inžinierske staviteľstvo |2 konspekt | |
| 072 | 7 | |a 622 |x Baníctvo |2 konspekt | |
| 080 | |a 628.336.73 |2 2001 | ||
| 080 | |a 622`17 |2 2001 | ||
| 080 | |a 622.794.3 |2 2001 | ||
| 080 | |a 628.4.038 |2 2001 | ||
| 080 | |a 624.131.5 |2 2001 | ||
| 080 | |a 624.13:550.8.04 |2 2001 | ||
| 080 | |a (043.5) |2 2001 | ||
| 100 | 1 | |a Slávik, Ivan, |d 1965- | |
| 245 | 1 | 0 | |a Monitoring geotechnických vlastností geomateriálov odkalísk : |b [habilitačná práce zo študijného odboru Inžinierske konštrukcie a dopravné stavby] / |c Ivan Slávik. |
| 250 | |a 1. vyd. | ||
| 260 | |a V Bratislave : |b Slovenská technická univerzita, |c 2014. | ||
| 300 | |a 159 s. : |b fotogr., grafy, il., mp., tab. ; |c 29 cm. | ||
| 366 | |e 100 výtl. | ||
| 490 | 1 | |a Edícia vedeckých prác |v zošit č. 134 | |
| 504 | |a Bibliografia: s. 155-159 | ||
| 546 | |a Abstrakt angl. | ||
| 650 | 0 | 7 | |a odkaľovacie nádrže |2 SVKKKPH |
| 650 | 0 | 7 | |a ťažobný odpad |2 SVKKKPH |
| 650 | 0 | 7 | |a priemyselný odpad |2 SVKKKPH |
| 650 | 0 | 7 | |a podložie |2 SVKKKPH |
| 650 | 0 | 7 | |a geotechnický monitoring |2 SVKKKPH |
| 655 | 7 | |a habilitačné práce |2 SVKKKPH | |
| 810 | 2 | |a Slovenská technická univerzita (Bratislava, Slovensko). |b Stavebná fakulta |t Edícia vedeckých prác |v zošit č. 134 | |
| 910 | |a svkkk | ||
| 919 | |a 978-80-227-4155-2 | ||
| 998 | |a BK | ||
| 090 | |g SCKHL |k Sklad Hlavná 10 prízemie |a V.233704 |j 1066373 |i 2720335570 |s Absenčne | ||